[Event "Plunge op-A 41st"]
[Site "Plateliai"]
[Date "2022.07.23"]
[Round "8"]
[White "Zilinskas, Vaidotas"]
[Black "Narmontas, Raimondas"]
[Result "1/2-1/2"]
[WhiteElo "1836"]
[BlackElo "1936"]
[PlyCount "49"]
[EventDate "2022.07.18"]
[EventType "swiss"]
[EventRounds "9"]
[EventCountry "LTU"]
[SourceTitle "CBM 209 Extra"]
[Source "ChessBase"]
[SourceDate "2022.09.30"]
[SourceVersion "1"]
[SourceVersionDate "2022.09.30"]
[SourceQuality "1"]

1. e4 c5 2. c4 Nc6 3. Nf3 e5 4. Nc3 d6 5. d3 f5 6. Be2 Nf6 7. Bg5 Be7 8. Bxf6 Bxf6 9. exf5 Bxf5 10. Nd2 0-0 11. Nde4 Nd4 12. 0-0 a6 13. Bg4 Bxe4 14. Nxe4 Bg5 15. Rb1 a5 16. Nc3 Qf6 17. Ne2 Nc6 18. Bf3 Bh4 19. Bd5+ Kh8 20. g3 Bg5 21. a3 Rab8 22. Nc3 Nd4 23. a4 Qh6 24. Kg2 b6 25. Kg1 1/2-1/2

[Event "Plunge op-A 41st"]
[Site "Plateliai"]
[Date "2022.07.22"]
[Round "7"]
[White "Bagdanskis, Dangis"]
[Black "Zilinskas, Vaidotas"]
[Result "1/2-1/2"]
[WhiteElo "2009"]
[BlackElo "1836"]
[PlyCount "78"]
[EventDate "2022.07.18"]
[EventType "swiss"]
[EventRounds "9"]
[EventCountry "LTU"]
[SourceTitle "CBM 209 Extra"]
[Source "ChessBase"]
[SourceDate "2022.09.30"]
[SourceVersion "1"]
[SourceVersionDate "2022.09.30"]
[SourceQuality "1"]

1. d4 c6 2. g3 g6 3. Bg2 Bg7 4. e4 d6 5. Ne2 Qc7 6. 0-0 Nd7 7. f4 e5 8. c3 h6 9. Na3 b6 10. dxe5 dxe5 11. Be3 Ne7 12. Qd2 Ba6 13. Rf2 Rd8 14. Rd1 0-0 15. Qc1 Kh7 16. Nc2 Bb7 17. h3 c5 18. c4 Nc6 19. Nc3 Nf6 20. Rxd8 Rxd8 21. Nd5 Nxd5 22. exd5 Nd4 23. fxe5 Bxe5 24. Nxd4 cxd4 25. Qf1 Kg7 26. Bf4 Rd7 27. Qd3 Ba6 28. b3 Re7 29. Kh2 f6 30. Bxe5 fxe5 31. Be4 Rf7 32. Re2 Qd6 33. a4 Bc8 34. Kg2 a5 35. g4 Qf6 36. Bf3 Qd6 37. Re4 Re7 38. Re1 Bd7 39. Qe4 Be8 1/2-1/2

[Event "Plunge op-A 41st"]
[Site "Plateliai"]
[Date "2022.07.21"]
[Round "5"]
[White "Spevak, Dovydas"]
[Black "Zilinskas, Vaidotas"]
[Result "0-1"]
[WhiteElo "1284"]
[BlackElo "1836"]
[PlyCount "102"]
[EventDate "2022.07.18"]
[EventType "swiss"]
[EventRounds "9"]
[EventCountry "LTU"]
[SourceTitle "CBM 209 Extra"]
[Source "ChessBase"]
[SourceDate "2022.09.30"]
[SourceVersion "1"]
[SourceVersionDate "2022.09.30"]
[SourceQuality "1"]

1. d4 c6 2. e4 d5 3. e5 c5 4. c3 Nc6 5. Nf3 Bg4 6. Bb5 Bxf3 7. Qxf3 e6 8. 0-0 Qb6 9. Bxc6+ bxc6 10. dxc5 Bxc5 11. Qg3 Bf8 12. Nd2 Ne7 13. Nb3 Nf5 14. Qd3 h5 15. Nd4 Nh6 16. Be3 c5 17. Qb5+ Qxb5 18. Nxb5 Kd7 19. Bxh6 Rxh6 20. Rab1 Rb8 21. Na3 Be7 22. Nc2 a5 23. a4 Rb3 24. Na3 Rb7 25. Nb5 f6 26. f4 f5 27. Kf2 g5 28. fxg5 Bxg5 29. g3 h4 30. Kf3 hxg3 31. hxg3 Rb8 32. Rh1 Rbh8 33. Rxh6 Rxh6 34. Kg2 Be7 35. Rf1 Rg6 36. Kh3 Bf8 37. b3 Bg7 38. Re1 Rg4 39. Re2 Re4 40. Rxe4 fxe4 41. Kg2 Bxe5 42. Kf2 d4 43. c4 Ke7 44. Na7 Kf6 45. Nc6 Bc7 46. Kg2 d3 47. Kf2 Bxg3+ 48. Ke3 Bf4+ 49. Kf2 e3+ 50. Ke1 Bg3+ 51. Kd1 e2+ 0-1

[Event "Plunge op-A 41st"]
[Site "Plateliai"]
[Date "2022.07.19"]
[Round "2"]
[White "Taujanskis, Eugenijus"]
[Black "Zilinskas, Vaidotas"]
[Result "0-1"]
[WhiteElo "1949"]
[BlackElo "1836"]
[PlyCount "78"]
[EventDate "2022.07.18"]
[EventType "swiss"]
[EventRounds "9"]
[EventCountry "LTU"]
[SourceTitle "CBM 209 Extra"]
[Source "ChessBase"]
[SourceDate "2022.09.30"]
[SourceVersion "1"]
[SourceVersionDate "2022.09.30"]
[SourceQuality "1"]

1. d4 c6 2. c4 g6 3. Nf3 Bg7 4. Nc3 d6 5. g3 Qc7 6. Bg2 Nd7 7. 0-0 Ngf6 8. e4 0-0 9. Qc2 Rb8 10. Re1 e5 11. dxe5 dxe5 12. b3 b5 13. Re2 b4 14. Na4 Rd8 15. Bb2 Ne8 16. Rd1 f6 17. Red2 Bf8 18. Bh3 Nc5 19. Rxd8 Bxh3 20. Rxb8 Qxb8 21. Nxc5 Bxc5 22. Bc1 Qb6 23. Re1 Bg4 24. Kg2 Nc7 25. Be3 Ne6 26. Bxc5 Qxc5 27. Qd3 Bxf3+ 28. Kxf3 Nd4+ 29. Kg2 Qa5 30. Qd2 c5 31. f4 Qc7 32. Qf2 Qc6 33. fxe5 fxe5 34. g4 Ne6 35. Kg3 Qd6 36. Qe3 Nf4 37. Rf1 g5 38. Rf2 Qh6 39. Rd2 Qh4+ 0-1

[Event "Panevezys op-B"]
[Site "Panevezys"]
[Date "2021.07.31"]
[Round "5"]
[White "Golsta, Madara"]
[Black "Zilinskas, Vaidotas"]
[Result "1-0"]
[WhiteElo "1967"]
[BlackElo "1904"]
[PlyCount "61"]
[EventDate "2021.07.30"]
[EventType "swiss"]
[EventRounds "7"]
[EventCountry "LTU"]
[SourceTitle "EXT 2022"]
[Source "ChessBase"]
[SourceDate "2021.10.06"]
[SourceVersion "1"]
[SourceVersionDate "2021.10.06"]
[SourceQuality "1"]

1. e4 c6 2. d4 d5 3. e5 c5 4. Nf3 Nc6 5. Bb5 Bg4 6. c4 e6 7. Qa4 Nge7 8. Bg5 Qc7 9. Nbd2 h6 10. Bxe7 Bxe7 11. cxd5 exd5 12. dxc5 Bxf3 13. Nxf3 0-0 14. Bxc6 bxc6 15. 0-0 Bxc5 16. Rac1 Qb6 17. Rc2 Rac8 18. Rfc1 Be7 19. Nd4 c5 20. Nf5 Bg5 21. Rd1 Rcd8 22. h4 Qe6 23. hxg5 Qxf5 24. Rxc5 Qxe5 25. gxh6 gxh6 26. Qxa7 Qxb2 27. Rcxd5 Ra8 28. Qe3 Rxa2 29. Rd6 Qc2 30. R1d4 Ra1+ 31. Kh2 1-0

[Event "Panevezys op-B"]
[Site "Panevezys"]
[Date "2021.07.31"]
[Round "4"]
[White "Zilinskas, Vaidotas"]
[Black "Jasas, Eimantas"]
[Result "1-0"]
[WhiteElo "1904"]
[BlackElo "1147"]
[PlyCount "57"]
[EventDate "2021.07.30"]
[EventType "swiss"]
[EventRounds "7"]
[EventCountry "LTU"]
[SourceTitle "EXT 2022"]
[Source "ChessBase"]
[SourceDate "2021.10.06"]
[SourceVersion "1"]
[SourceVersionDate "2021.10.06"]
[SourceQuality "1"]

1. e4 e5 2. Nf3 Nc6 3. d4 exd4 4. Bc4 h6 5. 0-0 Bc5 6. c3 dxc3 7. Bxf7+ Kxf7 8. Qd5+ Kf8 9. Qxc5+ d6 10. Qxc3 Qf6 11. Qb3 Qe6 12. Qc3 Nf6 13. Nbd2 Kf7 14. Re1 Re8 15. h3 Qe7 16. Nd4 Nxd4 17. Qxd4 c5 18. Qd3 b6 19. f3 Bb7 20. Nf1 Qc7 21. Bf4 Rad8 22. Rad1 Re6 23. Ne3 Kg8 24. Bh2 Qc6 25. e5 Ne8 26. exd6 Nxd6 27. Nf5 Rxe1+ 28. Rxe1 Nf7 29. Qxd8+ 1-0

[Event "LTU-ch Rapid op"]
[Site "Taujenai"]
[Date "2019.10.20"]
[Round "11.11"]
[White "Zilinskas, Vaidotas"]
[Black "Martinkus, Rolandas"]
[Result "1/2-1/2"]
[WhiteElo "1904"]
[BlackElo "2136"]
[PlyCount "78"]
[EventDate "2019.10.19"]
[EventType "swiss (rapid)"]
[EventRounds "11"]
[EventCountry "LTU"]
[SourceTitle "EXT 2023"]
[Source "ChessBase"]
[SourceDate "2022.10.05"]
[SourceVersion "1"]
[SourceVersionDate "2022.10.05"]
[SourceQuality "1"]

1. e4 e5 2. Nf3 Nc6 3. d4 exd4 4. Bc4 Nf6 5. 0-0 Nxe4 6. Re1 d5 7. Bxd5 Qxd5 8. Nc3 Qa5 9. Rxe4+ Be6 10. Nxd4 0-0-0 11. Be3 Bc5 12. a3 Bxd4 13. Bxd4 Nxd4 14. Rxd4 Qe5 15. Rxd8+ Rxd8 16. Qe1 Qxe1+ 17. Rxe1 Bf5 18. Re2 Rd6 19. f3 Rb6 20. Nd1 Kd7 21. Kf2 Rd6 22. Ne3 Be6 23. Ke1 a5 24. f4 f6 25. Rd2 Rxd2 26. Kxd2 Kd6 27. Kc3 g5 28. fxg5 fxg5 29. Kd4 b5 30. b4 axb4 31. axb4 c6 32. c4 bxc4 33. Nxc4+ Kc7 34. Kc5 Bxc4 35. Kxc4 Kb6 36. g4 Kc7 37. Kc5 Kd7 38. Kd4 Kd6 39. Kc4 Kd7 1/2-1/2

[Event "LTU-ch Rapid op"]
[Site "Taujenai"]
[Date "2019.10.19"]
[Round "3.7"]
[White "Zilinskas, Vaidotas"]
[Black "Juksta, Karolis"]
[Result "0-1"]
[WhiteElo "1904"]
[BlackElo "2151"]
[PlyCount "80"]
[EventDate "2019.10.19"]
[EventType "swiss (rapid)"]
[EventRounds "11"]
[EventCountry "LTU"]
[SourceTitle "EXT 2023"]
[Source "ChessBase"]
[SourceDate "2022.10.05"]
[SourceVersion "1"]
[SourceVersionDate "2022.10.05"]
[SourceQuality "1"]

1. e4 e6 2. c4 d5 3. d4 dxe4 4. Nc3 Bb4 5. f3 Nf6 6. Bg5 c5 7. a3 Bxc3+ 8. bxc3 Qa5 9. Qd2 Nbd7 10. Ne2 0-0 11. Ng3 cxd4 12. cxd4 Qxd2+ 13. Bxd2 exf3 14. gxf3 b6 15. Bd3 Ba6 16. Kf2 Rfd8 17. Ke3 Rac8 18. Rac1 g6 19. Ne4 Nh5 20. f4 Ndf6 21. Nxf6+ Nxf6 22. h3 Ne8 23. Rc2 Rd7 24. Rhc1 Rcd8 25. Bc3 Nd6 26. Bb2 Rc8 27. h4 Rdc7 28. c5 Bxd3 29. Kxd3 Nf5 30. h5 gxh5 31. Rg1+ Kf8 32. d5 Rxc5 33. Rxc5 Rxc5 34. dxe6 fxe6 35. Be5 Rd5+ 36. Kc3 h4 37. a4 Kf7 38. Bb8 Rc5+ 39. Kb4 Nd4 40. Be5 Nc6+ 0-1

[Event "Riga Tal Memorial rapid"]
[Site "Riga"]
[Date "2019.07.16"]
[Round "4"]
[White "Zilinskas, Vaidotas"]
[Black "Pultinevicius, Paulius"]
[Result "0-1"]
[WhiteElo "2003"]
[BlackElo "2481"]
[PlyCount "84"]
[EventDate "2019.07.16"]
[EventType "swiss (rapid)"]
[EventRounds "11"]
[EventCountry "LAT"]
[SourceTitle "CBM 191 Extra"]
[Source "ChessBase"]
[SourceDate "2019.09.30"]
[SourceVersion "1"]
[SourceVersionDate "2019.09.30"]
[SourceQuality "1"]

1. d4 Nf6 2. Bf4 g6 3. e3 Bg7 4. Nf3 0-0 5. h3 c5 6. c3 b6 7. Bd3 Bb7 8. Nbd2 d6 9. 0-0 Nbd7 10. Re1 Re8 11. e4 e5 12. dxe5 Nxe5 13. Bxe5 dxe5 14. Qe2 a6 15. Rad1 Qc7 16. c4 Rad8 17. Nb1 Nh5 18. g3 Qc8 19. Kh2 f5 20. Nc3 Nf6 21. Bc2 Rd4 22. Nxd4 exd4 23. Nd5 Bxd5 24. cxd5 fxe4 25. b4 d3 26. Bxd3 exd3 27. Qxd3 c4 28. Qd4 b5 29. d6 Rd8 30. Re7 Qf5 31. g4 Qf3 32. Rxg7+ Kxg7 33. g5 Kf7 34. gxf6 Rd7 35. Re1 Qxf6 36. Qd5+ Kg7 37. Re6 Qxf2+ 38. Kh1 Qf1+ 39. Kh2 Qf4+ 40. Kh1 Kh6 41. Qd1 c3 42. Kg2 Qd2+ 0-1

[Event "LTU-chT"]
[Site "Lithuania"]
[Date "2019.01.27"]
[Round "2.5"]
[White "Sumskis, Rimvydas"]
[Black "Zilinskas, Vaidotas"]
[Result "0-1"]
[WhiteElo "2004"]
[BlackElo "2016"]
[PlyCount "140"]
[EventDate "2019.01.26"]
[EventType "team-swiss"]
[EventRounds "7"]
[EventCountry "LTU"]
[SourceTitle "CBM 188 Extra"]
[Source "ChessBase"]
[SourceDate "2019.02.26"]
[SourceVersion "1"]
[SourceVersionDate "2019.02.26"]
[SourceQuality "1"]
[WhiteTeam "Marijampole Suduva"]
[BlackTeam "Siauliai Drakonas"]
[WhiteTeamCountry "LTU"]
[BlackTeamCountry "LTU"]

1. e4 c6 2. d4 d5 3. Nc3 h6 4. Nf3 Bg4 5. Be2 e6 6. 0-0 dxe4 7. Nxe4 Nf6 8. Ng3 Bd6 9. c4 Nbd7 10. Bd2 Qb8 11. Bc3 h5 12. Ne5 Nxe5 13. dxe5 Bxe5 14. Bxe5 Qxe5 15. Re1 Qc7 16. h3 Rd8 17. Qb3 Bxe2 18. Rxe2 0-0 19. Qe3 Qa5 20. a3 Rd7 21. b4 Qa4 22. Qg5 Rd1+ 23. Rxd1 Qxd1+ 24. Kh2 Qd4 25. Nxh5 Nxh5 26. Qxh5 Qxc4 27. Re1 Rd8 28. Rd1 Rd5 29. Qf3 Qc2 30. Rf1 Qd3 31. Qxd3 Rxd3 32. Ra1 Kf8 33. f3 Ke7 34. Kg3 Rd2 35. Rc1 Kd6 36. Rc3 b6 37. f4 c5 38. bxc5+ bxc5 39. Kf3 Kd5 40. Rb3 Kc6 41. g4 c4 42. Rb4 Rd3+ 43. Ke4 Rxa3 44. Rxc4+ Kd6 45. Rd4+ Ke7 46. Rb4 g6 47. Rb7+ Kf6 48. g5+ Kg7 49. Rc7 a5 50. Ra7 a4 51. Ke5 Ra1 52. Kd6 a3 53. Ke7 Rf1 54. Rxa3 Rxf4 55. Kd6 Rf5 56. Rg3 Kf8 57. h4 Rd5+ 58. Kc6 Ke7 59. Rg4 Rd1 60. Kc5 e5 61. Ra4 Rd6 62. Ra8 Rd4 63. Rh8 Ke6 64. Rh7 Rd7 65. Kc6 Rd2 66. Kc5 Rc2+ 67. Kb4 Rc7 68. h5 Kf5 69. Rg7 gxh5 70. g6 Kf6 0-1

[Event "Vilnius Zavanelli Memorial op-B"]
[Site "Vilnius"]
[Date "2018.10.28"]
[Round "7"]
[White "Zilinskas, Vaidotas"]
[Black "Malisauskiene, Marina"]
[Result "1/2-1/2"]
[WhiteElo "2018"]
[BlackElo "1835"]
[PlyCount "97"]
[EventDate "2018.10.25"]
[EventType "swiss"]
[EventRounds "7"]
[EventCountry "LTU"]
[SourceTitle "EXT 2021"]
[Source "ChessBase"]
[SourceDate "2020.10.23"]
[SourceVersion "1"]
[SourceVersionDate "2020.10.23"]
[SourceQuality "1"]

1. c3 Nf6 2. d3 d5 3. h3 h6 4. g4 g6 5. Bg2 Bg7 6. Nd2 c5 7. Nf1 Nc6 8. Ng3 e5 9. g5 hxg5 10. Bxg5 Be6 11. Qa4 Qd7 12. Qb5 b6 13. Kf1 Nh5 14. Nxh5 Rxh5 15. Bd2 Rc8 16. Qa4 f6 17. h4 Ne7 18. Qxd7+ Kxd7 19. a4 Rch8 20. a5 b5 21. b4 cxb4 22. cxb4 Rxh4 23. Rxh4 Rxh4 24. Rc1 Bh6 25. e3 a6 26. Nf3 Rh5 27. Ne1 Bf8 28. Bf3 Rh4 29. Nc2 Nc6 30. Rb1 Bd6 31. Ke2 Bg4 32. Bxg4+ Rxg4 33. Rh1 g5 34. Rh7+ Be7 35. Rh8 Kc7 36. Rh7 Rg1 37. Ne1 Kd7 38. f3 Ke6 39. Kf2 Rxe1 40. Kxe1 Bxb4 41. Rc7 Bxd2+ 42. Kxd2 Nxa5 43. Kc3 Kd6 44. Ra7 d4+ 45. exd4 exd4+ 46. Kc2 Nc6 47. Rf7 Ke6 48. Rc7 Kd6 49. Rf7 1/2-1/2

[Event "Vilnius Zavanelli Memorial op-B"]
[Site "Vilnius"]
[Date "2018.10.26"]
[Round "2"]
[White "Zebelis, Rimantas"]
[Black "Zilinskas, Vaidotas"]
[Result "0-1"]
[WhiteElo "1749"]
[BlackElo "2018"]
[PlyCount "22"]
[EventDate "2018.10.25"]
[EventType "swiss"]
[EventRounds "7"]
[EventCountry "LTU"]
[SourceTitle "CBM 187 Extra"]
[Source "ChessBase"]
[SourceDate "2018.11.04"]
[SourceVersion "1"]
[SourceVersionDate "2018.11.04"]
[SourceQuality "1"]

1. d4 c6 2. c4 d6 3. Nf3 h6 4. e4 g5 5. h3 Bg7 6. Nc3 Nd7 7. Be2 Nf8 8. Be3 Ng6 9. Qd2 Qa5 10. Rb1 Nf6 11. b4 Qc7 0-1

[Event "LTU-chT"]
[Site "Lithuania"]
[Date "2018.04.15"]
[Round "7.2"]
[White "Babrauskas, Darius"]
[Black "Zilinskas, Vaidotas"]
[Result "0-1"]
[WhiteElo "2030"]
[BlackElo "2023"]
[PlyCount "82"]
[EventDate "2018.01.27"]
[EventType "team-swiss"]
[EventRounds "7"]
[EventCountry "LTU"]
[SourceTitle "EXT 2019"]
[Source "ChessBase"]
[SourceDate "2018.10.10"]
[SourceVersion "1"]
[SourceVersionDate "2018.10.10"]
[SourceQuality "1"]
[WhiteTeam "Marijampole Suduvos Jaunimas"]
[BlackTeam "Siauliai SISZK"]
[WhiteTeamCountry "LTU"]
[BlackTeamCountry "LTU"]

1. e4 c6 2. d4 d6 3. Nc3 h6 4. Be3 g5 5. Qd2 Bg7 6. 0-0-0 Nd7 7. f3 Qa5 8. Kb1 b5 9. h4 b4 10. Nce2 g4 11. Nc1 Qc7 12. Qxb4 a5 13. Qd2 Nb6 14. c4 Nf6 15. Qc2 Nh5 16. Bd3 c5 17. Nge2 Bd7 18. fxg4 Bxg4 19. dxc5 dxc5 20. Rd2 Be6 21. Nb3 Na4 22. Nc3 Nxc3+ 23. bxc3 Rb8 24. Ka1 Rxb3 25. Qxb3 0-0 26. Rc1 Rb8 27. Qa3 Rc8 28. Kb2 Nf4 29. Bxf4 Qxf4 30. Kc2 h5 31. Rf1 Qe5 32. Qxa5 Bf6 33. g3 Kg7 34. Rf4 Bg4 35. Rxf6 exf6 36. a4 Rb8 37. Qa7 f5 38. exf5 Bxf5 39. Rf2 Bxd3+ 40. Kxd3 Qxg3+ 41. Ke2 Rb2+ 0-1

[Event "LTU-chT"]
[Site "Lithuania"]
[Date "2018.03.25"]
[Round "5.2"]
[White "Zilinskas, Vaidotas"]
[Black "Vaicekauskas, Gytis"]
[Result "0-1"]
[WhiteElo "2023"]
[BlackElo "2210"]
[PlyCount "36"]
[EventDate "2018.01.27"]
[EventType "team-swiss"]
[EventRounds "7"]
[EventCountry "LTU"]
[SourceTitle "EXT 2019"]
[Source "ChessBase"]
[SourceDate "2018.10.10"]
[SourceVersion "1"]
[SourceVersionDate "2018.10.10"]
[SourceQuality "1"]
[WhiteTeam "Siauliai SISZK"]
[BlackTeam "Kaunas Gambiteriai"]
[WhiteTeamCountry "LTU"]
[BlackTeamCountry "LTU"]

1. d3 Nf6 2. h3 b6 3. e4 e5 4. Nf3 Nc6 5. Nc3 d5 6. Bg5 Bb4 7. exd5 Qxd5 8. Bxf6 gxf6 9. Qd2 Bxc3 10. Qxc3 Bb7 11. Qb3 Qc5 12. 0-0-0 Qxf2 13. d4 0-0-0 14. Qxf7 Nxd4 15. Nxd4 Rxd4 16. Rxd4 exd4 17. Bd3 Bxg2 18. Ba6+ Kb8 0-1

[Event "LTU-chT"]
[Site "Lithuania"]
[Date "2018.03.24"]
[Round "3.2"]
[White "Jonkus, Lukas"]
[Black "Zilinskas, Vaidotas"]
[Result "0-1"]
[WhiteElo "1844"]
[BlackElo "2023"]
[PlyCount "88"]
[EventDate "2018.01.27"]
[EventType "team-swiss"]
[EventRounds "7"]
[EventCountry "LTU"]
[SourceTitle "EXT 2019"]
[Source "ChessBase"]
[SourceDate "2018.10.10"]
[SourceVersion "1"]
[SourceVersionDate "2018.10.10"]
[SourceQuality "1"]
[WhiteTeam "Plunge Bokstas"]
[BlackTeam "Siauliai SISZK"]
[WhiteTeamCountry "LTU"]
[BlackTeamCountry "LTU"]

1. d4 c6 2. Nf3 h6 3. Bf4 d6 4. c4 g5 5. Bg3 Bg7 6. e3 Qb6 7. Qb3 g4 8. Nfd2 h5 9. h4 Nh6 10. Nc3 Nf5 11. Nde4 Nd7 12. Bd3 Nf6 13. 0-0-0 Nxe4 14. Nxe4 Qxb3 15. axb3 d5 16. Nc3 Nxg3 17. fxg3 Bh6 18. Kd2 e5 19. Ke2 exd4 20. exd4 Be6 21. Rhe1 0-0-0 22. c5 Rde8 23. Kf2 Bg7 24. Bc2 Rh6 25. Ne2 Rf6+ 26. Kg1 Bh6 27. Nc3 Kd8 28. Re5 Bd7 29. Rde1 Rfe6 30. Rxe6 Rxe6 31. Rxe6 fxe6 32. Kf2 Be8 33. Ne2 Ke7 34. Nf4 Kf6 35. Nd3 Bg6 36. Ke2 Be4 37. Kf2 Kf5 38. Kf1 Be3 39. Ke2 Bxd4 40. b4 e5 41. b3 Bxd3+ 42. Bxd3+ e4 43. Bc2 a6 44. Kd2 Bf2 0-1

[Event "Plunge op 37th"]
[Site "Plateliai"]
[Date "2017.07.24"]
[Round "8"]
[White "Kalvaitis, Sigitas"]
[Black "Zilinskas, Vaidotas"]
[Result "1-0"]
[WhiteElo "2262"]
[BlackElo "2036"]
[PlyCount "43"]
[EventDate "2017.07.17"]
[EventType "swiss"]
[EventRounds "9"]
[EventCountry "LTU"]
[SourceTitle "EXT 2019"]
[Source "ChessBase"]
[SourceDate "2018.10.10"]
[SourceVersion "1"]
[SourceVersionDate "2018.10.10"]
[SourceQuality "1"]

1. e4 d6 2. d4 e5 3. Nf3 exd4 4. Nxd4 Nf6 5. Nc3 Be7 6. g3 0-0 7. Bg2 Nbd7 8. 0-0 Nb6 9. h3 Re8 10. a4 a5 11. Re1 Bf8 12. b3 c6 13. Bb2 Qc7 14. Qd2 d5 15. exd5 Rxe1+ 16. Rxe1 Nbxd5 17. Nxd5 Nxd5 18. Bxd5 cxd5 19. Re8 Qd7 20. Qe3 b6 21. Nf5 f6 22. Qe7 1-0

[Event "Plunge op 37th"]
[Site "Plateliai"]
[Date "2017.07.22"]
[Round "6"]
[White "Stremavicius, Titas"]
[Black "Zilinskas, Vaidotas"]
[Result "1-0"]
[WhiteElo "2434"]
[BlackElo "2036"]
[PlyCount "39"]
[EventDate "2017.07.17"]
[EventType "swiss"]
[EventRounds "9"]
[EventCountry "LTU"]
[SourceTitle "EXT 2019"]
[Source "ChessBase"]
[SourceDate "2018.10.10"]
[SourceVersion "1"]
[SourceVersionDate "2018.10.10"]
[SourceQuality "1"]

1. c4 c6 2. d4 d5 3. Nf3 Nf6 4. Nc3 e6 5. Bg5 Be7 6. e3 Nbd7 7. cxd5 exd5 8. Bd3 0-0 9. Qc2 h6 10. Bf4 b6 11. h3 a5 12. g4 c5 13. Rg1 Ba6 14. Bxa6 Rxa6 15. h4 cxd4 16. Nxd4 Ne4 17. Nxd5 Ndc5 18. Nc6 Bxh4 19. Nxd8 Rxd8 20. Rd1 1-0

[Event "Plunge op 37th"]
[Site "Plateliai"]
[Date "2017.07.18"]
[Round "2"]
[White "Zalimaite, Ieva"]
[Black "Zilinskas, Vaidotas"]
[Result "1-0"]
[WhiteElo "1700"]
[BlackElo "2036"]
[PlyCount "61"]
[EventDate "2017.07.17"]
[EventType "swiss"]
[EventRounds "9"]
[EventCountry "LTU"]
[SourceTitle "EXT 2019"]
[Source "ChessBase"]
[SourceDate "2018.10.10"]
[SourceVersion "1"]
[SourceVersionDate "2018.10.10"]
[SourceQuality "1"]

1. c4 Nf6 2. Nc3 d5 3. cxd5 Nxd5 4. d4 e6 5. e4 Nb6 6. Be3 N8d7 7. a4 a5 8. Qg4 Nf6 9. Qg3 Bb4 10. f3 Bd7 11. e5 Nh5 12. Qh3 g6 13. g4 Ng7 14. Qh6 Bf8 15. Bg5 Qc8 16. Qh4 h6 17. Ne4 Bb4+ 18. Kf2 Bc6 19. Nf6+ Kf8 20. Bxh6 Qd8 21. Ne2 Nd5 22. g5 Ke7 23. Ng3 Nf5 24. Nxf5+ exf5 25. Bc4 Ke6 26. Qf4 Bf8 27. Qe3 Qe7 28. Nxd5 Bxd5 29. Bxd5+ Kxd5 30. Qb3+ Kc6 31. Qb5# 1-0

[Event "Plunge op 37th"]
[Site "Plateliai"]
[Date "2017.07.17"]
[Round "1"]
[White "Zilinskas, Vaidotas"]
[Black "Baranauskas, Vitas"]
[Result "1-0"]
[WhiteElo "2036"]
[BlackElo "1314"]
[PlyCount "55"]
[EventDate "2017.07.17"]
[EventType "swiss"]
[EventRounds "9"]
[EventCountry "LTU"]
[SourceTitle "EXT 2019"]
[Source "ChessBase"]
[SourceDate "2018.10.10"]
[SourceVersion "1"]
[SourceVersionDate "2018.10.10"]
[SourceQuality "1"]

1. c4 e5 2. Nc3 Nf6 3. g3 Nc6 4. Bg2 Bc5 5. e3 d6 6. Nge2 0-0 7. 0-0 Bf5 8. d4 exd4 9. exd4 Bb4 10. Bg5 h6 11. Bxf6 gxf6 12. Nd5 a6 13. a3 Ba5 14. b4 Bb6 15. c5 Ba7 16. Qd2 Kg7 17. Nef4 Bg6 18. Rfe1 Qd7 19. Bh3 f5 20. a4 b5 21. axb5 axb5 22. Bf1 dxc5 23. dxc5 Rab8 24. Qc3+ f6 25. Rxa7 Nxa7 26. Re7+ Qxe7 27. Nxe7 Bf7 28. Nxf5+ 1-0

[Event "LTU-chT"]
[Site "Lithuania"]
[Date "2017.02.18"]
[Round "3.6"]
[White "Gucaga, Augustas"]
[Black "Zilinskas, Vaidotas"]
[Result "1/2-1/2"]
[WhiteElo "1841"]
[BlackElo "2036"]
[PlyCount "90"]
[EventDate "2017.01.28"]
[EventType "team-swiss"]
[EventRounds "7"]
[EventCountry "LTU"]
[SourceTitle "CBM 176 Extra"]
[Source "ChessBase"]
[SourceDate "2017.03.02"]
[SourceVersion "1"]
[SourceVersionDate "2017.03.02"]
[SourceQuality "1"]
[WhiteTeam "Kaunas Margiris II"]
[BlackTeam "Siauliai Drakonas"]
[WhiteTeamCountry "LTU"]
[BlackTeamCountry "LTU"]

1. e4 c6 2. d4 d5 3. Nc3 dxe4 4. Nxe4 Nf6 5. Nxf6+ gxf6 6. Be3 Bf5 7. Nf3 Nd7 8. g3 Nb6 9. Bg2 Qd7 10. 0-0 Bh3 11. Bxh3 Qxh3 12. Qe2 Qe6 13. Rfe1 Nd5 14. Bd2 Qxe2 15. Rxe2 e6 16. a4 Bg7 17. a5 a6 18. c4 Ne7 19. Bb4 Rd8 20. Rd1 Nf5 21. Bc5 Bf8 22. Bb6 Rd7 23. Rd3 Nd6 24. b3 Nc8 25. Nd2 Nxb6 26. axb6 Kd8 27. Ne4 Be7 28. d5 cxd5 29. cxd5 f5 30. d6 fxe4 31. dxe7+ Kxe7 32. Rxd7+ Kxd7 33. Rxe4 Kc6 34. Rg4 Kxb6 35. Rg7 Rf8 36. Rxh7 Kc5 37. Rh4 b5 38. b4+ Kb6 39. Kf1 a5 40. bxa5+ Kxa5 41. Ke2 Rd8 42. Rh7 Rd7 43. Rh8 Ka4 44. Ra8+ Kb3 45. h4 b4 1/2-1/2

[Event "LTU-chT"]
[Site "Lithuania"]
[Date "2017.02.18"]
[Round "4.5"]
[White "Zilinskas, Vaidotas"]
[Black "Bagvilas, Lukas"]
[Result "1-0"]
[WhiteElo "2036"]
[BlackElo "1740"]
[PlyCount "87"]
[EventDate "2017.01.28"]
[EventType "team-swiss"]
[EventRounds "7"]
[EventCountry "LTU"]
[SourceTitle "CBM 176 Extra"]
[Source "ChessBase"]
[SourceDate "2017.03.02"]
[SourceVersion "1"]
[SourceVersionDate "2017.03.02"]
[SourceQuality "1"]
[WhiteTeam "Siauliai Drakonas"]
[BlackTeam "Siauliai Tomas"]
[WhiteTeamCountry "LTU"]
[BlackTeamCountry "LTU"]

1. c4 f5 2. d4 e6 3. Nf3 Nf6 4. Nc3 d5 5. Bg5 c6 6. e4 Bd6 7. Ne5 0-0 8. f4 Qe8 9. Bxf6 Rxf6 10. Nf3 Nd7 11. c5 Bc7 12. Be2 Rf8 13. 0-0 Nf6 14. Ne5 h6 15. b4 Nxe4 16. Nxe4 Bxe5 17. fxe5 dxe4 18. Qb3 g5 19. Rf2 Bd7 20. Raf1 Kg7 21. a4 a6 22. Qd1 Qe7 23. Qb1 Rfb8 24. a5 g4 25. Rf4 h5 26. Qe1 Qg5 27. Qd1 Rh8 28. Qb3 Rh6 29. Qc3 Rf8 30. Bd1 Rhh8 31. Bc2 Rhg8 32. Bb3 Qe7 33. Qb2 Rc8 34. Ba4 Ra8 35. Qf2 Raf8 36. Bc2 Bc8 37. Bb3 Bd7 38. Ba2 Bc8 39. Bb1 Bd7 40. Bxe4 fxe4 41. Rf6 Qe8 42. Qf4 Rxf6 43. exf6+ Kf7 44. Qh6 1-0